Indian administration (Record no. 508606)

000 -LEADER
fixed length control field 00273nam a22001097a 4500
020 ## - INTERNATIONAL STANDARD BOOK NUMBER
International Standard Book Number 9788125019886
100 ## - MAIN ENTRY--PERSONAL NAME
Personal name S.R. Maheshwari
9 (RLIN) 4039
245 ## - TITLE STATEMENT
Title Indian administration
Statement of responsibility, etc Maheshwari, S.R.
250 ## - EDITION STATEMENT
Edition statement 6th
260 ## - PUBLICATION, DISTRIBUTION, ETC. (IMPRINT)
Place of publication, distribution, etc New Delhi
Name of publisher, distributor, etc Orient Blackswan
Date of publication, distribution, etc 2012
300 ## - PHYSICAL DESCRIPTION
Extent 650p.
Holdings
Withdrawn status Lost status Source of classification or shelving scheme Damaged status Not for loan Permanent location Current location Date acquired Barcode Date last seen Price effective from Koha item type
          Indian Institute of Public Administration Indian Institute of Public Administration 2019-04-02 GR 21038 2019-04-02 2019-04-02 GR

Powered by Koha